| 000 | 01461nam a22003737a 4500 | ||
|---|---|---|---|
| 003 | CHAP | ||
| 005 | 20220329143935.0 | ||
| 008 | 121005s2012 mx r 00010 spa d | ||
| 010 | _a104030 | ||
| 011 | _a105002 | ||
| 035 | _a115693 | ||
| 040 | _cCHAP | ||
| 090 | _aTesis | ||
| 100 | 1 |
_aVelasco Santiago, Ponciano _9118439 |
|
| 245 | 1 | 0 |
_aGestión integral de los servicios ecosistémicos de la microcuenca del Rio San Juan, Tlazoyaltepec, Oax. _h[En línea] _c/por Ponciano Velasco Santiago |
| 260 |
_aChapingo, Méx. : _bEl autor, _c2012 |
||
| 500 | _aPara ver el contenido del material haga clic en la liga | ||
| 502 | _aTesis (Ing. Forestal) -- UACH. División de Ciencias Forestales | ||
| 590 |
_aALEPH _b10 _c20130110 _lUCH01 _h1547 |
||
| 590 |
_aBATCH-UPD _b10 _c20130110 _lUCH01 _h0318 |
||
| 590 |
_aBATCH-UPD _b10 _c20130110 _lUCH01 _h0423 |
||
| 590 |
_aBATCH-UPD _b10 _c20130110 _lUCH01 _h0434 |
||
| 590 |
_aBATCH-UPD _b10 _c20140324 _lUCH01 _h1534 |
||
| 590 |
_aBATCH-UPD _b10 _c20141002 _lUCH01 _h0855 |
||
| 590 |
_aCONVERSION _b10 _c20130109 _lUCH01 _h1357 |
||
| 650 | 1 | 4 |
_aAgua subterranea _xAprovechamiento. _92454 |
| 650 | 1 | 4 |
_aEcosistema. _935290 |
| 650 | 1 | 4 |
_aRecursos naturales _zOaxaca. _995332 |
| 856 |
_3Finding aid _uhttp://10.13.5.2/tesis/115693.pdf _zTeclea aqui |
||
| 901 | _aBK | ||
| 942 | _cFOLL | ||
| 949 |
_aTesis _bBC _cTES _d33724002349983 _eTS1 _h54127 _i115693 _st |
||
| 949 |
_aTesis _bBC _cTES _d33724002350025 _eTS2 _fc.2 _h54128 _i115693 _st |
||
| 999 |
_c104030 _d104030 |
||